El Concilio de Juan y Pablo (Record no. 171310)

MARC details
000 -LEADER
campo de control de longitud fija 01190nam a2200265 i 4500
001 - NÚMERO DE CONTROL
campo de control 171310
003 - IDENTIFICADOR DE NÚMERO DE CONTROL
campo de control ES-MaACL
005 - FECHA Y HORA DE LA ÚLTIMA TRANSACCIÓN
campo de control 20251120142200.0
008 - DATOS DE LONGITUD FIJA--INFORMACIÓN GENERAL
campo de control de longitud fija 090508s1967 sp |||| | spa d
017 ## - NÚMERO DE COPYRIGHT O DE DEPÓSITO LEGAL
Número de copyright o de depósito legal M 9630-1967
245 03 - MENCIÓN DEL TÍTULO
Título El Concilio de Juan y Pablo
Resto del título : documentos pontificios sobre la preparación, desarrollo e interpretación del Vaticano II /
Mención de responsabilidad, etc. introducción, dirección e índices por José Luis Martín Descalzo ; traducción de los textos de Juan XXIII por Daniel Ruiz Bueno ; traducción de los textos de Pablo VI por Joaquín Luis Ortega.
260 ## - PUBLICACIÓN, DISTRIBUCIÓN, ETC.
Lugar de publicación, distribución, etc. Madrid :
Nombre del editor, distribuidor, etc. [La Editorial Católica],
Fecha de publicación, distribución, etc. 1967.
300 ## - DESCRIPCIÓN FÍSICA
Extensión XII, 1011 p. ;
Dimensiones 20 cm.
490 1# - MENCIÓN DE SERIE
Mención de serie Biblioteca de autores cristianos ;
Designación de volumen o secuencia 266
500 ## - NOTA GENERAL
Nota general Índices.
700 0# - ENTRADA AGREGADA--NOMBRE PERSONAL
Nombre de persona Juan
Numeración XIII
Títulos y otros términos asociados al nombre , Papa, Santo.
9 (RLIN) 67136
700 1# - ENTRADA AGREGADA--NOMBRE PERSONAL
Nombre de persona Pablo
Numeración VI,
Títulos y otros términos asociados al nombre Papa, Santo.
9 (RLIN) 168351
700 1# - ENTRADA AGREGADA--NOMBRE PERSONAL
Nombre de persona Martín Descalzo, José Luis,
Fechas asociadas al nombre 1930-1991
9 (RLIN) 77470
700 0# - ENTRADA AGREGADA--NOMBRE PERSONAL
Nombre de persona Ruiz Bueno, Daniel.
9 (RLIN) 100677
700 1# - ENTRADA AGREGADA--NOMBRE PERSONAL
Nombre de persona Ortega, Joaquín L.,
Fechas asociadas al nombre 1933-
9 (RLIN) 140070
711 2# - ENTRADA AGREGADA--NOMBRE DE REUNIÓN
Nombre de congreso/reunión o jurisdicción como elemento de entrada Concilio Vaticano (
Número del congreso/reunión o número de parte o sección 2º.
Fecha del congreso o de la firma del tratado 1962-1965)
9 (RLIN) 122
830 00 - PUNTO DE ACCESO ADICIONAL DE SERIE-TÍTULO UNIFORME
Título uniforme Biblioteca de autores cristianos
Designación de volumen o secuencia 266
9 (RLIN) 178679
852 ## - LOCALIZACIÓN
Ubicación ES-MaACL
Número de control de estantería J-261
itemnumber R.46092
Holdings
Estatus retirado Estado de pérdida Estado de daño No para préstamo Biblioteca de origen Biblioteca actual Ubicación en estantería Fecha de adquisición Fuente de adquisición Total de préstamos Signatura topográfica completa Código de barras Visto por última vez Precio de reemplazo Tipo de ítem Koha
        Biblioteca del Ateneo de Madrid Biblioteca del Ateneo de Madrid Depósito 2 08/05/2009     J-261 1179779 23/02/2023 23/02/2023 Libro impreso